| 000 | 00000nam 2200000zi 4500 |
| 001 | 9.947276 |
| 003 | CaOODSP |
| 005 | 20250124132610 |
| 006 | m o d f |
| 007 | cr mn||||||||| |
| 008 | 250122s1946 onc o f000 0 fre d |
| 040 | |aCaOODSP|bfre|erda|cCaOODSP |
| 043 | |an-cn--- |
| 043 | |ax4x4 |
| 086 | 1 |aZ1-1946/1-3F-PDF |
| 110 | 1 |aCanada. |bCommission royale pour enquêter sur les faits intéressants et les circonstances entourant la communication par des fonctionnaires publics et autres personnes occupant des postes de confiance, de renseignements secrets et confidentiels aux agents d'une puissance étrangère, |eauteur, |eorganisme de publication. |
| 245 | 10|aTroisième rapport intérimaire de la Commission royale établie par arrêté en conseil, C.P. 411 du 5 février 1946. |
| 246 | 16|aTroisième rapport intérimaire de la Commission royale au gouverneur général en conseil (rendu public le 29 mars 1946) |
| 264 | 1|aOttawa : |bEdmond Cloutier, imprimeur de Sa Très Excellente Majesté le Roi, |c1946. |
| 300 | |a1 ressource en ligne (11 pages) |
| 336 | |atexte|btxt|2rdacontent/fre |
| 337 | |ainformatique|bc|2rdamedia/fre |
| 338 | |aressource en ligne|bcr|2rdacarrier/fre |
| 500 | |aPublié aussi en anglais sous le titre : Third interim report of the Royal Commission established by Order in Council, P.C. 411 of February 5, 1946. |
| 500 | |aTitre de la couverture. |
| 500 | |aLes pages 1 et 2 manquent. |
| 500 | |a« Le 29 mars 1946. » |
| 500 | |a« Respectueusement soumis, Robert Taschereau, commissaire royal; R.L. Kellock, commissaire royal » -- Page 11. |
| 500 | |aÉdition numérisée de l'imprimée [par Direction des publications du gouvernement du Canada]. |
| 650 | 6|aEspionnage soviétique|zCanada. |
| 650 | 6|aAffaire Gouzenko, Canada, 1945-1946. |
| 650 | 6|aSecrets d'État|zCanada. |
| 700 | 1 |aTaschereau, Robert, |q1896- |
| 700 | 1 |aKellock, Roy Lindsay, |d1893- |
| 775 | 08|tThird interim report of the Royal Commission established by Order in Council, P.C. 411 of February 5, 1946.|w(CaOODSP)9.947275 |
| 856 | 40|qPDF|s1.27 Mo|uhttps://publications.gc.ca/collections/collection_2025/bcp-pco/Z1-1946-1-3-fra.pdf |